Reading in Management Accounting Application (Record no. 345142)
[ view plain ]
| 000 -LEADER | |
|---|---|
| fixed length control field | 00407 a2200145 4500 |
| 020 ## - INTERNATIONAL STANDARD BOOK NUMBER | |
| International Standard Book Number | 8176491144 |
| 082 ## - DEWEY DECIMAL CLASSIFICATION NUMBER | |
| Classification number | 658.1511 |
| 090 ## - LOCALLY ASSIGNED LC-TYPE CALL NUMBER (OCLC); LOCAL CALL NUMBER (RLIN) | |
| -- | 2649 |
| -- | 2649 |
| 100 ## - MAIN ENTRY--PERSONAL NAME | |
| Personal name | Dugdale, D. |
| 245 ## - TITLE STATEMENT | |
| Title | Reading in Management Accounting Application |
| Remainder of title | Practical Elements |
| Statement of responsibility, etc. | D. Dugdale |
| Medium | R. Scarlett |
| 250 ## - EDITION STATEMENT | |
| Edition statement | 6th Ed. |
| 260 ## - PUBLICATION, DISTRIBUTION, ETC. | |
| Place of publication, distribution, etc. | New Delhi, India |
| Name of publisher, distributor, etc. | Vinod Vasihtha |
| Date of publication, distribution, etc. | 2000 |
| 300 ## - PHYSICAL DESCRIPTION | |
| Extent | 131 |
| 942 ## - ADDED ENTRY ELEMENTS (KOHA) | |
| Institution code [OBSOLETE] | NBS |
| Koha item type | Book |
| Call number prefix | 658.1511 DUG |
| Withdrawn status | Lost status | Damaged status | Not for loan | Permanent Location | Current Location | Date acquired | Total Checkouts | Full call number | Barcode | Date last seen | Price effective from | Koha item type |
|---|---|---|---|---|---|---|---|---|---|---|---|---|
| Central Library (CL) | Central Library (CL) | 08/28/2013 | 658.1511 DUG | NBS5208 | 08/28/2013 | 08/28/2013 | Book |
